000 00640nam a2200205 i 4500
001 bgj
100 1 _aHARRISON, Mark
245 1 0 _aCAE Practice Tests :
_bfive tests for the Cambridge Certificate in Advanced English : with answers /
_cMark Harrison, Rosalie Kerr.
260 _aOxford :
_bOxford University Press,
_c1994.
300 _a176 pp ;
_c28 cm.
650 9 _aEnglish language
655 _aExaminations, questions, etc.
700 1 _aKERR, Rosalie.
_eco-author
020 _a0194533417 (pbk)
040 _cBPK
041 0 _aeng
920 _a0-19-4533417 (pbk)
942 _cKS
008 s uk f |000 0 eng
999 _c48268
_d48268
856 _uhttp://koha.tu.koszalin.pl/cgi-bin/koha/opac-detail.pl?biblionumber=48268
_yKatalog online BPK